| 000 | 00479nam a2200169Ia 4500 | ||
|---|---|---|---|
| 020 | _a(pbk) | ||
| 082 |
_a297 _bFAI _cD |
||
| 100 |
_aFaizan-ur-Rehman, Muhammad _937217 |
||
| 245 | _aMuslims in Fiji | ||
| 260 |
_aIslamabad: _bDa'wah Academy International Islamic Universtiy, _c1991 |
||
| 300 | _a35p. | ||
| 526 |
_a0 _b0 _c0 _d297_000000000000000_FAI |
||
| 526 |
_a0 _b0 _c0 _d297_000000000000000_FAI |
||
| 650 |
_aMCE _9379 |
||
| 650 |
_aMuslims -- Fiji _937218 |
||
| 942 |
_2ddc _cBK |
||
| 999 |
_c542123 _d542123 |
||